| 000 | 01013nam a22003377a 4500 | ||
|---|---|---|---|
| 001 | 0000947 | ||
| 003 | KOHA_MİRAKIL | ||
| 005 | 20260207001225.0 | ||
| 007 | ta | ||
| 008 | 100420b2000 tu |||gr||||#0|||0|tur | | ||
| 020 |
_a9754868579 _cYTL26,69 |
||
| 040 |
_aTR-BiSEU _btur _cTR-BiSEU _erda |
||
| 041 | 0 | _atur | |
| 044 | _ctu | ||
| 050 |
_aQA76.73.P37 _bU97 2000 |
||
| 100 | 1 | _aUysal, Mithat. | |
| 245 | 1 |
_aPascal ve Turbo Pascal ile programlama/ _cMithat Uysal ; Mithat Uysal. |
|
| 264 | 1 |
_aİstanbul : _bBeta _c2000 |
|
| 300 | _a462 sayfa: resimli; 24 cm | ||
| 336 |
_ametin _btxt _2rdacontent |
||
| 337 |
_aaracısız _bn _2rdamedia |
||
| 338 |
_acilt _bnc _2rdacarrier |
||
| 490 | 1 |
_aYayın No ; _v953. |
|
| 490 | 1 |
_aBilgisayar Dizisi ; _v195. |
|
| 650 | 0 |
_aBorland/Turbo Pascal (Bilgisayar programı). _93594 |
|
| 650 | 0 |
_aPascal (Bilgisayar program dili). _92738 |
|
| 830 | 1 |
_aYayın No ; _v953. _91861 |
|
| 830 | 1 |
_aBilgisayar Dizisi ; _v195. _92740 |
|
| 907 | _aBilgisayar | ||
| 942 |
_2lcc _cBK |
||
| 999 |
_c942 _d942 |
||